| 000 | 00621nam a2200193 a 4500 | ||
|---|---|---|---|
| 001 | 000011579 | ||
| 005 | 20240530073912.0 | ||
| 008 | 091021s1956 dr 001 f spa d | ||
| 040 |
_aDO-SdBNP _bspa _cBNPHU |
||
| 082 |
_aRD863.44 _bM896n |
||
| 100 | 1 |
_a Moscoso Puello, F. E., _q (Francisco Eujenio) _d1885-1959 _958361 |
|
| 245 | 1 | 0 |
_aNavarijo / _cF. E. Moscoso Puello. |
| 260 |
_aCiudad Trujillo, República Dominicana : _bMontalvo, _c1956. |
||
| 300 |
_a423 p. ; _c23 cm. |
||
| 650 | 0 |
_aNovela dominicana _9223 |
|
| 650 | 0 |
_aLiteratura dominicana. _967 |
|
| 910 | _aValidado. Control de calidad MFF | ||
| 049 | _aBNPD | ||
| 999 |
_c11274 _d11274 |
||